Normal view
MARC view
- Hughes-Hallett, Deborah, Mccallum, William G,Gleason , A.M
Entry Personal Name
001 - CONTROL NUMBER
- control field: 64286
003 - CONTROL NUMBER IDENTIFIER
- control field: NUST
005 - DATE AND TIME OF LATEST TRANSACTION
- control field: 20210628203241.0
008 - FIXED-LENGTH DATA ELEMENTS
- fixed length control field: 210628|| aca||aabn | a|a d
040 ## - CATALOGING SOURCE
- Original cataloging agency: NUST
- Transcribing agency: NUST
100 ## - HEADING--PERSONAL NAME
- Personal name: Hughes-Hallett, Deborah, Mccallum, William G,Gleason , A.M
670 ## - SOURCE DATA FOUND
- Source citation: Work cat.: (NUST): Hughes-Hallett, Deborah, Mccallum, William G,Gleason , A.M, Calculus, single and multivariable, 2002
